Underdeveloped country quiz - Statistics

General Stats
  • This quiz has been taken 25 times
  • The average score is 38 of 48
Answers on the Map
Answers color-coded by a green-red scale on the quiz's map according to % correct below.
 
Answer Stats
Answer % Correct
Afghanistan
91%
Bangladesh
91%
Somalia
91%
Angola
87%
Chad
87%
Democratic Republic of the Congo
87%
Djibouti
87%
Eritrea
87%
Ethiopia
87%
Gambia
87%
Liberia
87%
Madagascar
87%
Malawi
87%
Mali
87%
Mozambique
87%
Nepal
87%
Senegal
87%
South Sudan
87%
Sudan
87%
Togo
87%
Uganda
87%
Yemen
87%
Zambia
87%
Burkina Faso
83%
Cambodia
83%
Central African Republic
83%
Comoros
83%
Guinea
83%
Jordan
83%
Laos
83%
Mauritania
83%
Myanmar
83%
Niger
83%
Sierra Leone
83%
Benin
78%
Bhutan
78%
Burundi
78%
Guinea-Bissau
78%
Haiti
78%
Kiribati
78%
Lesotho
78%
Rwanda
78%
Sao Tome and Principe
78%
Tuvalu
78%
Solomon Islands
74%
Palestine
17%
Tanzania
13%
Timor-Leste
13%
No matching quizzes found
Score Distribution
Percent of People with Each Score
Percentile by Number Answered
Your Score History
You have not taken this quiz